| 000 | 00908nam a2200193Ii 4500 | ||
|---|---|---|---|
| 003 | JO-AjNU | ||
| 008 | 230605s9999||||xx |||||||||||||| ||und|| | ||
| 040 |
_aJO-AjNU _bara _erda _cJO-AjNU |
||
| 041 | _aara | ||
| 050 | 1 | 4 | _aHC415.25.I87.2003 |
| 100 | 3 |
_aشاحر،اربيه/راف بار-ال/دفنه شفارتس/دانييل فلز نشتاين, _eauthor _936637 |
|
| 245 | 0 | 0 | _aاسرائيل 2020 الخطة الشاملة لاسرائيل في سنوات الالفين:متسع الامكانيات البديل الاقتصادي |
| 264 | 3 | 1 | _aالبيرة:المركز الفلسطيني للدراسات الاقليمية،2003 |
| 300 | _a181ص | ||
| 336 |
_atext _btxt _2rdacontent |
||
| 337 |
_aunmediated _bn _2rdamedia |
||
| 338 |
_avolume _bnc _2rdacarrier |
||
| 650 | 4 |
_aالاحوال الاقتصادية-السياسة الاقتصادية-الشرق الاوسط-اسرائيل _936638 |
|
| 999 |
_aA15239 _c18807 _d18807 |
||